000 00279nam a2200109Ia 4500
008 221009s9999 xx 000 0 und d
082 _a510
100 _aGuider
_979384
245 0 _a50 प्रैैक्टिस सेट्स गणित
260 _bGuider
942 _cBK
999 _c65297
_d65297